Total quality management / (Record no. 82918)
[ view plain ]
| 000 -LEADER | |
|---|---|
| fixed length control field | 00498nam a22001817a 4500 |
| 003 - CONTROL NUMBER IDENTIFIER | |
| control field | URS |
| 005 - DATE AND TIME OF LATEST TRANSACTION | |
| control field | 20250514211038.0 |
| 008 - FIXED-LENGTH DATA ELEMENTS--GENERAL INFORMATION | |
| fixed length control field | 250514b |||||||| |||| 00| 0 eng d |
| 020 ## - INTERNATIONAL STANDARD BOOK NUMBER | |
| International Standard Book Number | 9786214271429 |
| 040 ## - CATALOGING SOURCE | |
| Transcribing agency | URS |
| 050 ## - LIBRARY OF CONGRESS CALL NUMBER | |
| Classification number | FIL HD 62.15 .Se683 2023 |
| 100 ## - MAIN ENTRY--PERSONAL NAME | |
| Relator code | author |
| Personal name | Serrano, Angelita O. |
| 245 ## - TITLE STATEMENT | |
| Title | Total quality management / |
| Remainder of title | Angelita Ong Camilar-Serrano. |
| 250 ## - EDITION STATEMENT | |
| Edition statement | 2nd ed. |
| 300 ## - PHYSICAL DESCRIPTION | |
| Extent | x, 260 p ; 25 cm |
| 504 ## - BIBLIOGRAPHY, ETC. NOTE | |
| Bibliography, etc. note | Includes bibliographical references. |
| 942 ## - ADDED ENTRY ELEMENTS (KOHA) | |
| Source of classification or shelving scheme | Library of Congress Classification |
| Koha item type | Filipiniana |
| Withdrawn status | Source of classification or shelving scheme | Damaged status | Not for loan | Home library | Current library | Date acquired | Source of acquisition | Total Checkouts | Full call number | Barcode | Date last seen | Copy number | Price effective from | Koha item type |
|---|---|---|---|---|---|---|---|---|---|---|---|---|---|---|
| Library of Congress Classification | Angono College Library | Angono College Library | 12/12/2024 | Library Fund | FIL HD 62.15 .Se683 2023 c1 | URSANG-7590 | 05/14/2025 | 1 | 05/14/2025 | Filipiniana | ||||
| Library of Congress Classification | Angono College Library | Angono College Library | 12/12/2024 | Library Fund | FIL HD 62.15 .Se683 2023 c2 | URSANG-7591 | 05/14/2025 | 2 | 05/14/2025 | Filipiniana | ||||
| Library of Congress Classification | Angono College Library | Angono College Library | 12/12/2024 | Library Fund | FIL HD 62.15 .Se683 2023 c3 | URSANG-7592 | 05/14/2025 | 3 | 05/14/2025 | Filipiniana |